Roles of the citizen: principles and practices. (Record no. 542511)

000 -LEADER
fixed length control field 00433nam a22001451 4500
082 00 - DEWEY DECIMAL CLASSIFICATION NUMBER
Classification number 323.65
Author Mark VIN
-- L-27,P-39
100 1# - MAIN ENTRY--PERSONAL NAME
Personal name Vincent, William Shafer,
9 (RLIN) 37689
245 10 - TITLE STATEMENT
Title Roles of the citizen: principles and practices.
260 ## - PUBLICATION, DISTRIBUTION, ETC.
Place of publication, distribution, etc. Evanston, Ill.,
Name of publisher, distributor, etc. Row, Peterson
Date of publication, distribution, etc. [1959]
300 ## - PHYSICAL DESCRIPTION
Extent 456 p.
Other physical details illus.
Dimensions 24 cm.
526 ## - STUDY PROGRAM INFORMATION NOTE
Program name 0
Interest level 0
Reading level 0
Title point value 323_650000000000000_VIN
650 #0 - SUBJECT ADDED ENTRY--TOPICAL TERM
Topical term or geographic name entry element Civics.
9 (RLIN) 37690
650 #0 - SUBJECT ADDED ENTRY--TOPICAL TERM
Topical term or geographic name entry element NUST
9 (RLIN) 6342
942 ## - ADDED ENTRY ELEMENTS (KOHA)
Source of classification or shelving scheme
Koha item type Book
Holdings
Withdrawn status Lost status Source of classification or shelving scheme Damaged status Not for loan Permanent Location Current Location Date acquired Total Checkouts Full call number Barcode Date last seen Price effective from Koha item type
          Military College of Engineering (MCE) Military College of Engineering (MCE) 01/02/2014   323.65 VIN MCE-2036 01/02/2014 01/02/2014 Book
© 2023 Central Library, National University of Sciences and Technology. All Rights Reserved.